[Event "IECG CN.2001.0.00265"]
[Site "IECG email"]
[Date "2001.10.12"]
[Round "?"]
[White "Gonzalez Fernandez, Mariano"]
[Black "Aparicio, Fermin"]
[Result "1/2-1/2"]
[WhiteElo "800"]
[BlackElo "800"]
[PlyCount "52"]
[EventDate "2001.10.12"]
[EventType "tourn (corr)"]
[EventRounds "6"]
[SourceTitle "Corr 2008"]
[Source "ChessBase"]
[SourceDate "2008.06.24"]
[SourceVersion "1"]
[SourceVersionDate "2008.06.24"]
[SourceQuality "1"]

1. e4 e5 2. Nf3 Nc6 3. Bb5 Nf6 4. Qe2 a6 5. Bxc6 dxc6 6. d3 Bd6 7. 0-0 0-0 8. Nc3 Bg4 9. h3 Bh5 10. Be3 Nd7 11. g4 Bg6 12. d4 c5 13. dxc5 Bxc5 14. Bxc5 Nxc5 15. Nxe5 Qd4 16. Nxg6 hxg6 17. Nd5 Nxe4 18. Nxc7 Rad8 19. c3 Ng3 20. cxd4 Nxe2+ 21. Kh2 Rd7 22. Rfe1 Nxd4 23. Red1 Rfd8 24. Rac1 Nf3+ 25. Kg3 Rd3 26. Rxd3 Rxd3 1/2-1/2

[Event "IECG CN.2001.0.00265"]
[Site "IECG email"]
[Date "2001.10.12"]
[Round "?"]
[White "Venturas, Bob"]
[Black "Gonzalez Fernandez, Mariano"]
[Result "1-0"]
[WhiteElo "531"]
[BlackElo "800"]
[PlyCount "41"]
[EventDate "2001.10.12"]
[EventType "tourn (corr)"]
[EventRounds "6"]
[SourceTitle "Corr 2008"]
[Source "ChessBase"]
[SourceDate "2008.06.24"]
[SourceVersion "1"]
[SourceVersionDate "2008.06.24"]
[SourceQuality "1"]

1. e4 e5 2. Nf3 Nf6 3. a3 Nxe4 4. Qe2 d5 5. d3 Bg4 6. dxe4 Bxf3 7. Qxf3 d4 8. Bc4 f6 9. Nd2 c6 10. Qf5 g6 11. Qe6+ Qe7 12. Qc8+ Qd8 13. Bf7+ Kxf7 14. Qxd8 Bg7 15. Qc7+ Ke6 16. Nc4 Bf8 17. Qxb7 Bb4+ 18. axb4 Nd7 19. Qxc6+ Ke7 20. Ra6 Nb8 21. Qxf6+ 1-0

[Event "IECG CN.2001.0.00252"]
[Site "IECG email"]
[Date "2001.06.26"]
[Round "?"]
[White "Buchrnhornen, Wim"]
[Black "Gonzalez Fernandez, Mariano"]
[Result "1-0"]
[WhiteElo "800"]
[BlackElo "800"]
[PlyCount "33"]
[EventDate "2001.06.26"]
[EventType "tourn (corr)"]
[EventRounds "6"]
[SourceTitle "Corr 2008"]
[Source "ChessBase"]
[SourceDate "2008.06.24"]
[SourceVersion "1"]
[SourceVersionDate "2008.06.24"]
[SourceQuality "1"]

1. e4 e5 2. Nf3 d6 3. d4 exd4 4. Nxd4 c5 5. Nb3 Nc6 6. Nc3 Be6 7. Bb5 c4 8. Nd4 Bd7 9. Bxc4 g6 10. 0-0 Bg7 11. Ndb5 Be5 12. Nxd6+ Bxd6 13. Qxd6 a6 14. Nd5 Rc8 15. b3 Nd4 16. Qe5+ Kf8 17. Ba3+ 1-0